|
|
|
|
| LEADER |
00587cam a2200193ua 4500 |
| 020 |
|
|
|a 0-07-113747-5
|
| 082 |
|
|
|a 621.8
|b SHI/T
|
| 100 |
0 |
|
|a Shingley, Joseph Edward
|
| 245 |
0 |
0 |
|a Theory of mechines and mechanisms
|
| 250 |
|
|
|a 2nd ed.
|
| 260 |
|
|
|a New York
|b Mc Graw Hill
|c 1995
|
| 300 |
|
|
|a xix,719p.
|
| 650 |
0 |
|
|a Machines- Theory
|
| 650 |
0 |
|
|a Machine engineering
|
| 650 |
0 |
|
|a Engineering
|
| 700 |
|
|
|a Uicker, John Joseph
|
| 942 |
|
|
|c BK
|
| 999 |
|
|
|c 2393
|d 2393
|
| 952 |
|
|
|0 0
|1 0
|4 0
|6 621_800000000000000_SHIT
|7 0
|9 2500
|a KUCL
|b KUCL
|d 2014-05-23
|l 1
|o 621.8 SHI/T
|p 05521
|r 2016-10-01
|s 2016-09-09
|y BK
|